| 000 | 01004nam a2200253Ia 4500 | ||
|---|---|---|---|
| 003 | OSt | ||
| 005 | 20220923212626.0 | ||
| 006 | a|||||r|||| 00| 0 | ||
| 007 | ta | ||
| 008 | 220922b |||||||| |||| 00| 0 mar d | ||
| 024 | _a154,641 | ||
| 037 | _cTextual | ||
| 040 |
_aARTS _cARTS _bmar |
||
| 041 |
_2mar _amar |
||
| 082 | _aO1550v2,1(Q223):g, K6 | ||
| 100 |
_aकेलकर, र0 श0 _9162653 |
||
| 245 | 0 |
_aमराठी हिन्दी कृष्ण काव्य का तुलनात्मक अध्ययन _b 11 वी से 16 वी शताब्दी तक |
|
| 246 | _aMarāṭhī hindī kṛuṣhṇa kāvya kā tulanātmak adhyayan : 11 vī se 16 vī shatābdī taka | ||
| 260 |
_aदिल्ली _b अक्षर प्रकाशन _c1966 |
||
| 300 |
_a294 पृ0 _ccm. |
||
| 650 | _aमराठी साहित्य | ||
| 942 |
_hO1550v2,1(Q223):g, K6 _cTEXL _2CC |
||
| 999 |
_c310263 _d310263 |
||